| 000 | 01272cad a2200277 4500 | ||
|---|---|---|---|
| 001 | L158780 | ||
| 008 | 100215n2013 000 0 eng u | ||
| 020 | _a9781783210305 | ||
| 035 | _a(Sirsi) u158780 | ||
| 041 | _aeng | ||
| 100 | 1 | _aChomicka, Barbara | |
| 111 | 2 |
_aConstruction and Building Research Conference _cIIT Delhi, New Delhi _d10-12 September 2013 |
|
| 245 | 0 | 0 |
_aDrivers and cost implications of quality failure in commercial offices _h[electronic resource] |
| 260 |
_aLondon _bRICS _c2013 |
||
| 490 | 0 |
_aCOBRA _v2013 |
|
| 520 | _aA paper presented at the COBRA Conference in New Delhi on 10-12 September 2013. Looks at ways to identify, measure and articulate both the drivers and the cost implications of quality failure in commercial office building projects. The key outcome of this research, which examines three case studies, is a bottom-up cost database that provides insight into the actual costs of quality failure rectification. | ||
| 650 | 2 | 4 | _aCONSTRUCTION AND BUILDING RESEARCH CONFERENCE (COBRA) |
| 650 | 2 | 4 | _aOFFICES |
| 650 | 2 | 4 | _aQUALITY MANAGEMENT |
| 650 | 2 | 4 |
_aCost management _96233 |
| 651 | 4 |
_aUnited Kingdom _y |
|
| 690 |
_aProject management _96261 |
||
| 700 | 1 | _aSommerville, James | |
| 700 | 1 | _aCraig, Nigel | |
| 942 | _n0 | ||
| 999 |
_c115500 _d115500 |
||